| 000 | 00438 a2200145 4500 | ||
|---|---|---|---|
| 999 |
_c9371 _d9371 |
||
| 020 | _a9780409023732 | ||
| 050 | _aKTL861 KER 2006 | ||
| 100 |
_aKerr, A. J. (Alastair James), 1922-2010 _eauthor |
||
| 245 |
_aThe law of agency / _cAlastair James Kerr |
||
| 264 |
_aDurban: _bButterworths, _c1972. |
||
| 300 | _axxix, 239 pages 25 cm | ||
| 500 | _alncludes index | ||
| 650 | _a Agency (Law) -- South Africa. | ||
| 942 |
_2lcc _cBK _h861 _iKER _kKTL |
||